God, Evil and the Best of All Possible Worlds
Elmentve itt :
| Szerző: | |
|---|---|
| Dokumentumtípus: | Cikk |
| Sorozat: | Kolligátum
19uu |
| Kulcsszavak: | Filozófia - német - 17-18. sz. |
| Online Access: | http://misc.bibl.u-szeged.hu/24861 |
| LEADER | 00563nab a2200157 i 4500 | ||
|---|---|---|---|
| 001 | misc24861 | ||
| 005 | 20191108150531.0 | ||
| 008 | 171003suuuu hu o 0|| zxx d | ||
| 040 | |a SZTE Miscellanea Repozitórium |b hun | ||
| 041 | |a zxx | ||
| 100 | 1 | |a Leibniz Gottfried Wilhelm | |
| 245 | 1 | 0 | |a God, Evil and the Best of All Possible Worlds |h [elektronikus dokumentum] / |c Leibniz Gottfried Wilhelm |
| 300 | |a 12-15 | ||
| 490 | 0 | |a Kolligátum |v 19uu | |
| 695 | |a Filozófia - német - 17-18. sz. | ||
| 856 | 4 | 0 | |u http://misc.bibl.u-szeged.hu/24861/1/013_015_012-015.pdf |z Dokumentum-elérés |